Classement du Ballon d'or 2003 - Statistiques

Statistiques générales
  • Ce quiz a été pris 108 fois
  • Le résultat moyen est 17 sur 26
Statistiques - réponses
Classement Joueur Club du joueur Nationalité % Correct
2 Thierry Henry Arsenal FC France
99%
1 Pavel Nedved Juventus FC République Tchèque
93%
5 Zinédine Zidane Real Madrid France
91%
3 Paolo Maldini AC Milan Italie
88%
7 Raul Real Madrid Espagne
86%
25 Ronaldinho Paris Saint-Germain / FC Barcelone Brésil
84%
11 Ronaldo Real Madrid Brésil
84%
10 David Beckham Manchester United / Real Madrid Angleterre
83%
8 Roberto Carlos Real Madrid Brésil
83%
14 Alessandro Del Piero Juventus FC Italie
77%
6 Ruud Van Nistelrooy Manchester United Pays-Bas
76%
21 Zlatan Ibrahimovic Ajax Amsterdam Suède
76%
19 Francesco Totti AS Rome Italie
73%
9 Gianluigi Buffon Juventus FC Italie
73%
17 Alessandro Nesta AC Milan Italie
70%
4 Andriy Chevtchenko AC Milan Ukraine
68%
13 Deco FC Porto Portugal
65%
22 Filippo Inzaghi AC Milan Italie
63%
12 Henrik Larsson Celtic Glasgow Suède
58%
15 Dida AC Milan Brésil
53%
20 Michael Ballack Bayern Munich Allemagne
50%
16 Roy Makaay Deportivo La Corogne / Bayern Munich Pays-Bas
27%
24 Adrian Mutu Parme FC / Chelsea FC Roumanie
25%
23 Jan Koller Borussia Dortmund République Tchèque
19%
26 Francesco Toldo Inter Milan Italie
9%
18 Nihat Real Sociedad Turquie
2%
Aucun quiz correspondant
Distribution des résultats
% des personnes avec chaque résultat
Percentile par nombre de réponses
Votre historique - résultats
Vous n’avez pas pris ce quiz